Planning for a better London (Record no. 108464)

MARC details
000 -LEADER
fixed length control field 01947cad a22002895a 4500
001 - CONTROL NUMBER
control field L144337
008 - FIXED-LENGTH DATA ELEMENTS--GENERAL INFORMATION
fixed length control field 190411s2008 xxk f l000 0 eng d
020 ## - INTERNATIONAL STANDARD BOOK NUMBER
International Standard Book Number 9781847811776
035 ## - SYSTEM CONTROL NUMBER
System control number (Sirsi) u144337
041 0# - LANGUAGE CODE
Language code of text/sound track or separate title eng
050 04 - LIBRARY OF CONGRESS CALL NUMBER
Classification number 711.1 $2 18
110 2# - MAIN ENTRY--CORPORATE NAME
Corporate name or jurisdiction name as entry element United Kingdom
Subordinate unit Greater London Authority
9 (RLIN) 5566
245 00 - TITLE STATEMENT
Title Planning for a better London
Medium [electronic resource]
260 ## - PUBLICATION, DISTRIBUTION, ETC.
Place of publication, distribution, etc. London
Name of publisher, distributor, etc. Greater London Authority
Date of publication, distribution, etc. 2008
505 2# - FORMATTED CONTENTS NOTE
Formatted contents note The mayor's approach: A new approach -- Planning for the whole of London -- London and its neighbours -- The London Plan -- The Mayor's role -- Planning decisions
505 2# - FORMATTED CONTENTS NOTE
Formatted contents note Key challenges: Continued population growth -- London's changing economy -- Improving the environment and tackling climate change -- Providing the homes Londoners need -- Planning for all Londoners -- Planning for the whole of London
505 2# - FORMATTED CONTENTS NOTE
Formatted contents note Key policy responses: Ensuirng London's continued economic success -- Delivering homes for Londoners -- Allowing all Londoners to enjoy their city in safety -- Meeting the environmental challenge -- Keeping London moving -- Planning for London's diverse places
505 2# - FORMATTED CONTENTS NOTE
Formatted contents note Making it happen: Changes to the London Plan -- Supplementary planning guidance
520 ## - SUMMARY, ETC.
Summary, etc. Report sets out the Mayor?s approach to planning issues and explains the key areas he will want to address in revising the London Plan and the other related strategies and guidance he is responsible for. Invites readers to send in views and comments on the topics it covers.
521 ## - TARGET AUDIENCE NOTE
Target audience note Advanced
650 24 - SUBJECT ADDED ENTRY--TOPICAL TERM
Topical term or geographic name entry element GREATER LONDON AUTHORITY ACT 2007
650 24 - SUBJECT ADDED ENTRY--TOPICAL TERM
Topical term or geographic name entry element THE LONDON PLAN
651 #4 - SUBJECT ADDED ENTRY--GEOGRAPHIC NAME
Geographic name England and Wales
Chronological subdivision 1543-
690 ## - LOCAL SUBJECT ADDED ENTRY--TOPICAL TERM (OCLC, RLIN)
Topical term or geographic name as entry element ENVIRONMENTAL AND LAND CONSULTANCY-PLANNING AND DEVELOPMENT-PLANNING REFORM
856 40 - ELECTRONIC LOCATION AND ACCESS
Uniform Resource Identifier <a href="https://legacy.london.gov.uk/mayor/publications/2008/docs/plan-better-london.pdf">https://legacy.london.gov.uk/mayor/publications/2008/docs/plan-better-london.pdf</a>
Public note View the document free of charge online at http://legacy.london.gov.uk
942 ## - ADDED ENTRY ELEMENTS (KOHA)
Suppress in OPAC 0
Holdings
Withdrawn status Lost status Source of classification or shelving scheme Damaged status Not for loan Home library Current library Shelving location Date acquired Total Checkouts Full call number Barcode Date last seen Copy number Price effective from Koha item type
    Dewey Decimal Classification     Virtual Virtual Online 11/07/2008   ONLINE PUBLICATION 144337-1001 06/08/2019 1 06/08/2019 Book